Catalog

Record Details

Catalog Search



Available copies

  • 1 of 1 copy available at LARL/NWRL Consortium.
  • 1 of 1 copy available at Lake Agassiz Regional Library. (Show preferred library)

Current holds

0 current holds with 1 total copy.

Show Only Available Copies
Location Call Number / Copy Notes Barcode Shelving Location Status Due Date
Moorhead Public Library MAL (Text) 33500012115416 Main Available -

Record details

  • ISBN: 9780373788989 : PAP
  • ISBN: 0373788983 : PAP
  • Physical Description: 384 p. ;
  • Publisher: [Place of publication not identified] : Harlequin Books, 2015.

Content descriptions

Summary, etc.:
Maya Farlow learned the hard way to depend only on ... Read More
Subject: Brothers > Fiction.
Extreme sports > Fiction.
Interpersonal relations > Fiction.
California > Fiction.
City and town life > Fiction.
Man-woman relationships > Fiction.
LDR 01933cam a2200349M 4500
001185838
003LARL_NWRL_CONSORTIUM
00520150720112208.0
008150109s2015 xx 000 0 eng d
020 . ‡a9780373788989 : PAP
020 . ‡a0373788983 : PAP
035 . ‡a(OCoLC)910712525
040 . ‡aTRACS ‡beng ‡cTRACS ‡dCGP ‡dOCLCO ‡dNOG
050 4. ‡aPS
082 4. ‡a813
1001 . ‡aMallery, Susan. ‡0(LARL_NWRL_CONSORTIUM)138285
24510. ‡aThrill me ‡n#18 / ‡cSusan Mallery.
260 . ‡a[Place of publication not identified] : ‡bHarlequin Books, ‡c2015.
300 . ‡a384 p. ;
4900 . ‡aFool's gold ; ‡v18
520 . ‡aMaya Farlow learned the hard way to depend only on herself, so when she fell too deeply for the bad-boy charms of Del Mitchell, one of five brothers, she did the only thing she could--she ran. Stunned, Del left Fool's Gold to make his name and fortune in extreme sports. Now ten years later, Maya's been hired to promote her hometown's new slogan, The Destination for Romance. The celebrity spokesman is none other than Del, the man she dumped but never forgot. Although Del's not the type to hold a grudge, he's determined to avoid falling a second time for the woman who broke his heart.--publisher.
650 0. ‡aBrothers ‡vFiction. ‡0(LARL_NWRL_CONSORTIUM)163686
650 0. ‡aExtreme sports ‡vFiction.
650 0. ‡aInterpersonal relations ‡vFiction. ‡0(LARL_NWRL_CONSORTIUM)165331
651 0. ‡aCalifornia ‡vFiction. ‡0(LARL_NWRL_CONSORTIUM)164052
650 0. ‡aCity and town life ‡vFiction. ‡0(LARL_NWRL_CONSORTIUM)164072
650 0. ‡aMan-woman relationships ‡vFiction. ‡0(LARL_NWRL_CONSORTIUM)165985
901 . ‡a185838 ‡bOCLC ‡c185838 ‡tbiblio

Additional Resources